00331nam a2200121Ia 4500008004000000020001800040082001300058100001900071245004300090260004200133300000800175650002600183210210b1974 xxu||||| |||| 00| 0 eng d a0 521 04381 6 a515 BURF aBURKILL (J C). aFirst course in mathematical analysis. aG BritainbCambridge Universityc1974 a186 aMathematical analysis